<?xml version="1.0" encoding="UTF-8"?>
<record
    xmlns:xsi="http://www.w3.org/2001/XMLSchema-instance"
    xsi:schemaLocation="http://www.loc.gov/MARC21/slim http://www.loc.gov/standards/marcxml/schema/MARC21slim.xsd"
    xmlns="http://www.loc.gov/MARC21/slim">

  <leader>01771nam0a2200397   4500</leader>
  <controlfield tag="001">RU\NLR\BIBL_A\022622997</controlfield>
  <controlfield tag="005">20260420053451.0</controlfield>
  <datafield tag="010" ind1=" " ind2=" ">
    <subfield code="a">978-5-17-166370-4</subfield>
    <subfield code="9">2000</subfield>
  </datafield>
  <datafield tag="021" ind1=" " ind2=" ">
    <subfield code="a">RU</subfield>
    <subfield code="b">&#x41A;&#x41D;-&#x41F;-25-044771</subfield>
    <subfield code="9">&#x41A;&#x41D;-&#x41F;-25-4353</subfield>
  </datafield>
  <datafield tag="035" ind1=" " ind2=" ">
    <subfield code="a">(NLR Aleph) 022622997</subfield>
  </datafield>
  <datafield tag="090" ind1=" " ind2=" ">
    <subfield code="a">13684358</subfield>
    <subfield code="c">13684358</subfield>
  </datafield>
  <datafield tag="100" ind1=" " ind2=" ">
    <subfield code="a">20250916d2025    u  y0rusy50      ca</subfield>
  </datafield>
  <datafield tag="101" ind1="1" ind2=" ">
    <subfield code="a">rus</subfield>
    <subfield code="a">lat</subfield>
    <subfield code="c">lat</subfield>
  </datafield>
  <datafield tag="102" ind1=" " ind2=" ">
    <subfield code="a">RU</subfield>
  </datafield>
  <datafield tag="105" ind1=" " ind2=" ">
    <subfield code="a">a   z   000ay</subfield>
  </datafield>
  <datafield tag="181" ind1=" " ind2="0">
    <subfield code="a">i3</subfield>
    <subfield code="b">axxe  </subfield>
  </datafield>
  <datafield tag="181" ind1=" " ind2="0">
    <subfield code="a">b1</subfield>
    <subfield code="b">xb2e  </subfield>
  </datafield>
  <datafield tag="182" ind1=" " ind2="0">
    <subfield code="a">n</subfield>
  </datafield>
  <datafield tag="200" ind1="1" ind2=" ">
    <subfield code="a">&#x41F;&#x43E;&#x445;&#x432;&#x430;&#x43B;&#x430; &#x433;&#x43B;&#x443;&#x43F;&#x43E;&#x441;&#x442;&#x438;</subfield>
    <subfield code="d">Moriae Encomium</subfield>
    <subfield code="f">&#x42D;&#x440;&#x430;&#x437;&#x43C; &#x420;&#x43E;&#x442;&#x442;&#x435;&#x440;&#x434;&#x430;&#x43C;&#x441;&#x43A;&#x438;&#x439;</subfield>
    <subfield code="g">[&#x43F;&#x435;&#x440;&#x435;&#x432;&#x43E;&#x434; &#x441; &#x43B;&#x430;&#x442;&#x438;&#x43D;&#x441;&#x43A;&#x43E;&#x433;&#x43E; &#x41D;. &#x41F;. &#x410;&#x440;&#x434;&#x430;&#x448;&#x435;&#x432;&#x430;]</subfield>
    <subfield code="z">lat</subfield>
  </datafield>
  <datafield tag="203" ind1=" " ind2=" ">
    <subfield code="a">&#x422;&#x435;&#x43A;&#x441;&#x442;</subfield>
    <subfield code="a">&#x418;&#x437;&#x43E;&#x431;&#x440;&#x430;&#x436;&#x435;&#x43D;&#x438;&#x435;</subfield>
    <subfield code="b">&#x432;&#x438;&#x437;&#x443;&#x430;&#x43B;&#x44C;&#x43D;&#x44B;&#x435;</subfield>
    <subfield code="c">&#x43D;&#x435;&#x43F;&#x43E;&#x441;&#x440;&#x435;&#x434;&#x441;&#x442;&#x432;&#x435;&#x43D;&#x43D;&#x44B;&#x435;</subfield>
  </datafield>
  <datafield tag="210" ind1=" " ind2=" ">
    <subfield code="a">&#x41C;&#x43E;&#x441;&#x43A;&#x432;&#x430;</subfield>
    <subfield code="c">&#x410;&#x421;&#x422;, Lingua</subfield>
    <subfield code="d">2025</subfield>
  </datafield>
  <datafield tag="215" ind1=" " ind2=" ">
    <subfield code="a">349 &#x441;.</subfield>
    <subfield code="c">&#x438;&#x43B;.</subfield>
    <subfield code="d">24</subfield>
  </datafield>
  <datafield tag="225" ind1="1" ind2=" ">
    <subfield code="a">Bilingua</subfield>
    <subfield code="e">&#x43B;&#x430;&#x442;&#x438;&#x43D;&#x441;&#x43A;&#x438;&#x439;, &#x440;&#x443;&#x441;&#x441;&#x43A;&#x438;&#x439;</subfield>
  </datafield>
  <datafield tag="225" ind1="1" ind2=" ">
    <subfield code="a">Bilingua &#x43F;&#x43E;&#x434;&#x430;&#x440;&#x43E;&#x447;&#x43D;&#x430;&#x44F;</subfield>
    <subfield code="e">&#x438;&#x43B;&#x43B;&#x44E;&#x441;&#x442;&#x440;&#x438;&#x440;&#x43E;&#x432;&#x430;&#x43D;&#x43D;&#x430;&#x44F; &#x43A;&#x43D;&#x438;&#x433;&#x430; &#x43D;&#x430; &#x44F;&#x437;&#x44B;&#x43A;&#x435; &#x43E;&#x440;&#x438;&#x433;&#x438;&#x43D;&#x430;&#x43B;&#x430; &#x441; &#x43F;&#x435;&#x440;&#x435;&#x432;&#x43E;&#x434;&#x43E;&#x43C;</subfield>
  </datafield>
  <datafield tag="300" ind1=" " ind2=" ">
    <subfield code="a">&#x410;&#x432;&#x442;. &#x442;&#x430;&#x43A;&#x436;&#x435; &#x43D;&#x430; &#x43B;&#x430;&#x442;. &#x44F;&#x437;.: Erasmus Roterodamus</subfield>
  </datafield>
  <datafield tag="300" ind1=" " ind2=" ">
    <subfield code="a">&#x422;&#x435;&#x43A;&#x441;&#x442; &#x43F;&#x430;&#x440;&#x430;&#x43B;. &#x440;&#x443;&#x441;., &#x43B;&#x430;&#x442;.</subfield>
  </datafield>
  <datafield tag="333" ind1=" " ind2=" ">
    <subfield code="a">12+</subfield>
  </datafield>
  <datafield tag="510" ind1="1" ind2=" ">
    <subfield code="6">z11790</subfield>
    <subfield code="a">Moriae Encomium</subfield>
    <subfield code="z">lat</subfield>
  </datafield>
  <datafield tag="606" ind1="1" ind2=" ">
    <subfield code="a">&#x424;&#x438;&#x43B;&#x43E;&#x441;&#x43E;&#x444;&#x438;&#x44F; &#x43D;&#x438;&#x434;&#x435;&#x440;&#x43B;&#x430;&#x43D;&#x434;&#x441;&#x43A;&#x430;&#x44F;</subfield>
    <subfield code="y">15 - 16 &#x432;&#x432;.</subfield>
    <subfield code="9">2218387</subfield>
    <subfield code="3">RU\NLR\AUTH\661332212</subfield>
  </datafield>
  <datafield tag="686" ind1="1" ind2=" ">
    <subfield code="a">&#x42E;3(4&#x41D;)43-401</subfield>
  </datafield>
  <datafield tag="700" ind1=" " ind2="0">
    <subfield code="7">ca</subfield>
    <subfield code="8">rus</subfield>
    <subfield code="a">&#x42D;&#x440;&#x430;&#x437;&#x43C; &#x420;&#x43E;&#x442;&#x442;&#x435;&#x440;&#x434;&#x430;&#x43C;&#x441;&#x43A;&#x438;&#x439;</subfield>
    <subfield code="f">1469-1536</subfield>
    <subfield code="9">118565</subfield>
    <subfield code="3">RU\NLR\AUTH\778669</subfield>
  </datafield>
  <datafield tag="790" ind1=" " ind2="0">
    <subfield code="7">ba</subfield>
    <subfield code="8">lat</subfield>
    <subfield code="a">Erasmus Roterodamus</subfield>
    <subfield code="b">D.</subfield>
    <subfield code="f">1469-1536</subfield>
    <subfield code="g">Desiderius</subfield>
    <subfield code="9">85761</subfield>
    <subfield code="3">RU\NLR\AUTH\77102835</subfield>
  </datafield>
  <datafield tag="942" ind1=" " ind2=" ">
    <subfield code="c">BOOK</subfield>
  </datafield>
  <datafield tag="980" ind1=" " ind2=" ">
    <subfield code="a">NB</subfield>
  </datafield>
</record>
